|
|
|
|
| LEADER |
00000cam a2200000 7i4500 |
| 001 |
0000019937 |
| 005 |
20080620.0 |
| 008 |
080620 |
| 020 |
|
|
|a RM20.00 (Arkib)
|
| 090 |
0 |
0 |
|a 808.851
|b ARH
|
| 100 |
1 |
|
|a Tun Haji Abdul Razak Bin Hussein
|
| 245 |
1 |
0 |
|a Ucapan-ucapan Tun Haji Abdul Razak Bin Hussein, 1973
|c Tun Haji Abdul Razak Bin Hussein
|
| 260 |
|
|
|a Kuala Lumpur :
|b Arkib Negara Malaysia dan Jabatan Perdana Menteri ,
|c 1977
|
| 650 |
|
0 |
|a Prime Minister
|z Malaysia
|
| 650 |
|
0 |
|a Specches, addresses etc
|
| 710 |
1 |
|
|a Arkib Negara Malaysia
|
| 999 |
|
|
|a 0001023500
|b Book
|c Adult Collection
|e Perbadanan Perpustakaan Awam Johor
|